Total quality : management organization and strategy (Record no. 171188)
[ view plain ]
| 000 -LEADER | |
|---|---|
| fixed length control field | 00461nam a2200157Ia 4500 |
| 008 - FIXED-LENGTH DATA ELEMENTS--GENERAL INFORMATION | |
| fixed length control field | 231217s9999 xx 000 0 und d |
| 041 ## - LANGUAGE CODE | |
| Language code of text/sound track or separate title | English |
| 082 ## - DEWEY DECIMAL CLASSIFICATION NUMBER | |
| Classification number | 658.568 EVA;2 R1 |
| 100 ## - MAIN ENTRY--PERSONAL NAME | |
| Personal name | Evans, James R Dean, James W |
| 245 #0 - TITLE STATEMENT | |
| Title | Total quality : management organization and strategy |
| 250 ## - EDITION STATEMENT | |
| Edition statement | 2nd ed |
| 260 ## - PUBLICATION, DISTRIBUTION, ETC. | |
| Date of publication, distribution, etc. | 2000 |
| Name of publisher, distributor, etc. | South-Western |
| Place of publication, distribution, etc. | Australia |
| 300 ## - PHYSICAL DESCRIPTION | |
| Extent | vii+376 |
| 650 ## - SUBJECT ADDED ENTRY--TOPICAL TERM | |
| Topical term or geographic name entry element | Total,quality,:,management,organization,strategy |
| 942 ## - ADDED ENTRY ELEMENTS (KOHA) | |
| Koha item type | Books |
| Date last seen | Total checkouts | Full call number | Accession number | Cost, total (INR) price | Price effective from | Category | Lost status | Damaged status | Department | Withdrawn status | Home library | Current library | Shelving location | Entry date | Vendor | Cost, normal purchase price | Grants | Billnumber | Billdate | Currency symbol | Conversion rate | Discount | Old discount |
|---|---|---|---|---|---|---|---|---|---|---|---|---|---|---|---|---|---|---|---|---|---|---|---|
| 26/01/2024 | 658.568 EVA;2 R1 | 26380 | 220.00 | 26/01/2024 | Books | Central Library | Central Library | Central Library | Central Library | 06/03/2004 | LBPD- L.B. Publishers & Distributors Pvt. Ltd. | 275.00 | MBA | 4/36873 | 14/10/2005 | RS | 1 | 55 | 20 |
